000 00444nab a2200145Ia 4500
003 ES-SlBCS
005 20210601133743.0
008 140529s1994 xxu||||| |||| 00| 0 por d
041 _apor
100 1 _aBarreiro, Águida Celina de Méo
_9209272
245 0 0 _aModelos de ensino
_c Águida Celina de Méo Barreiro
650 0 4 _aEnseñanza
_990452
773 0 _tEducaçao e Filosofia
_gvol. 8, nº. 15, 1994, págs. 109-115
_wRev1534
942 _cAR
999 _c601584
_d601584